| 000 | 00616nam a2200169 a 4500 | ||
|---|---|---|---|
| 008 | 120416s1998 ||||||||||||||||| || u | ||
| 020 | _a0750638583 | ||
| 050 | _aTH 4652 Gri | ||
| 100 | _aGriffin, Brian | ||
| 245 | 1 | 0 | _aLaboratory design guide |
| 246 | _afor clients, architects and their design team | ||
| 260 |
_aOxford _bArchitectural Press _c1998 |
||
| 300 | _axi, 172p. : ill. | ||
| 350 | _a0.00 | ||
| 650 | _aLABORATORIES--DESIGNAND CONSTRUCTION | ||
| 995 |
_D0.00 _FCBU-MAIN LIBRARY (Kitwe) _H1 _I28.95 _M1 _UAVAILABLE _ZMain Library Open Access Collection |
||
| 999 |
_c48723 _d48723 |
||